|
|
|
|
| LEADER |
00000naa2a2200000 4500 |
| 001 |
288961 |
| 005 |
20260119141724.0 |
| 035 |
|
|
|a (RuTPU)RU\TPU\book\313466
|
| 035 |
|
|
|a RU\TPU\tpu\2729
|
| 090 |
|
|
|a 288961
|
| 100 |
|
|
|a 20150330d1958 k y0rusy50 ca
|
| 101 |
0 |
|
|a rus
|
| 102 |
|
|
|a RU
|
| 200 |
1 |
|
|a О возрасте санаштыкгольских археоциато-трилобитовых комплексов Саяно-Алтайской области
|f А. Г. Сивов, В. Д. Томашпольская
|
| 320 |
|
|
|a Библиогр.: 21 назв.
|
| 461 |
|
1 |
|0 (RuTPU)RU\TPU\book\221349
|t Материалы по геологии Западной Сибири
|l Records of the geology of the West Siberia
|f Западно-Сибирское геологическое управление
|d 1938-1965
|
| 463 |
|
1 |
|0 (RuTPU)RU\TPU\book\221467
|t Вып. 61: Новые данные по стратиграфии Западной Сибири
|v С. 40-48.
|d 1958
|
| 610 |
1 |
|
|a геолого-географические науки
|
| 610 |
1 |
|
|a труды учёных ТПУ
|
| 700 |
|
1 |
|a Сивов
|b А. Г.
|c российский ученый-геолог
|c профессор ТПИ
|f 1904-1969
|g Александр Григорьевич
|3 (RuTPU)RU\TPU\pers\21878
|9 9215
|
| 701 |
|
1 |
|a Томашпольская
|b В. (Э.) Д.
|c российский геолог
|c доцент Томского политехнического института
|f 1908-1982
|g Велина (Эвелина) Даниловна
|3 (RuTPU)RU\TPU\pers\13889
|
| 801 |
|
0 |
|a RU
|b 63413507
|c 20011210
|g PSBO
|
| 801 |
|
2 |
|a RU
|b 63413507
|c 20150330
|g PSBO
|
| 942 |
|
|
|c BK
|